Iron Man (2008) Characters - Statistics

General Stats
  • This quiz has been taken 34 times
  • The average score is 7 of 12
Answer Stats
Hint Answer % Correct
Robert Downey Jr. Iron Man/ Tony Stark
100%
Gwyneth Paltrow Pepper Potts
100%
Samuel L. Jackson Nick Fury
93%
Jon Favreau Happy Hogan
76%
Paul Bettany J.A.R.V.I.S.
76%
Jeff Bridges Iron Monger/ Obadiah Stane
72%
Terrence Howard James Rhodes
59%
Clark Gregg Phil Coulson
55%
Shaun Toub Ho Yinsen
34%
Leslie Bibb Christine Everhart
28%
Gerard Sanders Howard Stark
14%
Stan Lee Hugh Hefner
14%
No matching quizzes found
Score Distribution
Percent of People with Each Score
Percentile by Number Answered
Your Score History
You have not taken this quiz